000 00639nam a2200241 i 4500
001 C2-0219098
003 PPAK
005 20180728111405.0
008 990822s1998 my |||| ||||| | may d
020 _a9838811556
040 _aPPAK
_beng
_cPPAK
_erda
082 0 4 _a305.5234
_2 23
090 0 0 _a305.5234
_bSUH
_dG
100 1 _aSuhandirio, Fredy,
_eauthor
245 1 0 _aBagaimana menjadi kaya
264 1 _aKuala Lumpur :
_bCiptaan Jiwaseni ,
_c1998
300 _aiv, 99 pages ;
_c21 cm
336 _2rdacontent
_atext
337 _2rdamedia
_aunmediated
338 _2rdacarrier
_avolume
650 1 0 _aMobility
942 _ddc
_cB
999 _c161737
_d161737